000 00477nam a2200145Ia 4500
008 090122s9999 xx 000 0 und d
082 _b8913
_a891.4684
100 _aज्ञान
_bप्रबोधिनी
245 _aजिद्दिची लोभस रूप
600 _aज्ञान
630 _aजिद्दिची लोभस रूप
700 _aज्ञान
730 _aजिद्दिची लोभस रूप
942 _cBOOK
999 _c32990
_d32990